Financial intermediaries (Record no. 63091)

MARC details
000 -LEADER
fixed length control field 00818nam a2200169 a 4500
008 - FIXED-LENGTH DATA ELEMENTS--GENERAL INFORMATION
fixed length control field 120416s1976 ||||||||||||||||| || u
050 ## - LIBRARY OF CONGRESS CALL NUMBER
Classification number HG 181 Gup
100 ## - MAIN ENTRY--PERSONAL NAME
Personal name Gup, Benton E
245 10 - TITLE STATEMENT
Title Financial intermediaries
246 ## -
-- an introduction
260 ## - PUBLICATION, DISTRIBUTION, ETC.
Place of publication, distribution, etc. Boston
Name of publisher, distributor, etc. Houghton Mifflin
Date of publication, distribution, etc. 1976
300 ## - PHYSICAL DESCRIPTION
Extent xxv, 410p.
350 ## -
-- 0.00
995 ## -
-- ANNEX COLLECTION (Main Library)
-- 0.00
-- 715430
-- CBU-MAIN LIBRARY (Kitwe)
-- 1
-- 20.25
-- HG 181 Gup
-- 3
-- AVAILABLE
-- 005997
-- Annex Low-Usage Collection
995 ## -
-- MAIN LIBRARY OPEN ACCESS
-- 0.00
-- 704892
-- CBU-MAIN LIBRARY (Kitwe)
-- 2
-- 20.25
-- HG 181 Gup
-- 1
-- AVAILABLE
-- 005995
-- Main Library Open Access Collection
995 ## -
-- MAIN LIBRARY OPEN ACCESS
-- 0.00
-- 704891
-- CBU-MAIN LIBRARY (Kitwe)
-- 3
-- 20.25
-- HG 181 Gup
-- 2
-- AVAILABLE
-- 005996
-- Main Library Open Access Collection
999 ## -
-- 63091
-- 63091
Holdings
Withdrawn status Lost status Source of classification or shelving scheme Damaged status Not for loan Permanent Location Current Location Shelving location Date acquired Total Checkouts Full call number Barcode Date last seen Price effective from Koha item type
          CBU-MAIN LIBRARY, KITWE. CBU-MAIN LIBRARY, KITWE.   12/24/2022   HG 181 Gup 005997 12/24/2022 12/24/2022 MONOGRAPH
          CBU-MAIN LIBRARY, KITWE. CBU-MAIN LIBRARY, KITWE.   12/24/2022   HG 181 Gup 005995 12/24/2022 12/24/2022 MONOGRAPH
          CBU-MAIN LIBRARY, KITWE. CBU-MAIN LIBRARY, KITWE.   12/24/2022   HG 181 Gup 005996 12/24/2022 12/24/2022 MONOGRAPH